| 000 | 006270000a22002170004500 | ||
|---|---|---|---|
| 003 | LK-CoMWRAF | ||
| 005 | 20230930155509.0 | ||
| 008 | 230817t1996 ||||| |||| 00| 0 eng d | ||
| 020 | _a0826409148 | ||
| 040 |
_aLK-CoMWRAF _dLK-CoMWRAF _eLK-CoMWRAF |
||
| 041 | _aeng | ||
| 082 |
_a297.63 _bPHI |
||
| 100 | _aPhipps, William E. | ||
| 245 |
_aMuhammad and Jesus _bA Comparison of the Prophets and their teachings |
||
| 260 |
_aNew York : _bParagon house book, _c1996 |
||
| 300 | _a304 p. : map ; 24 cm. | ||
| 650 | _aMuḼammad, Prophet | ||
| 650 | _aJesus Christ | ||
| 650 | _aIslam--Relations--Christianity | ||
| 942 | _cBK | ||
| 999 |
_c2083 _d2083 |
||